000 01014cab a2200277 4500
001 ABS50969
008 090401t1994 xxu||||| |||| 00| 0 eng d
035 _a(Sirsi) u3406
041 _aeng
100 _aVillis, S.
245 _aUnoccupied rating: the case for reform
260 _c1994
350 _a0
490 _aProperty Management
_v12(2) 1994, 28-33(6)
520 _aExamines current issues of unoccupied rate liability and analyses the situation post-war and since. Discusses unoccupied industrial hereditaments, Central Government arguments, constructive vandalism, and reforms, looking at possibilities for the future.
650 _aEMPTY PROPERTY
650 _aGENERAL RATE ACT 1967
650 _aLOCAL GOVERNMENT FINANCE ACT 1988
650 _aRATES AND RATING
650 _aUNOCCUPIED PROPERTY
690 _aPROPERTY-COMMERCIAL PROPERTY-COMMERCIAL PROPERTY APPRAISAL AND VALUATION
690 _aRATING AND VALUATION
700 _aPlimmer, F.
942 _n0
948 _c04/03/1997
999 _c2090
_d2090